Publicistika Josefa Čapka /

Main Author: Mareš, Petr, 1954-
Language: Czech
Published: Praha : Univerzita Karlova, 1995
Edition: Vyd. 1.
Series: Acta Universitatis Carolinae. Philologica. Monographia
Online Access: Digitalizovaný dokument
Physical Description: 137 s. ; 23 cm
Book
Saved in:
LEADER 01411nam a2200361 a 4500
001 000031268
003 CZ BrMZK
005 20230224131925.0
007 ta
008 950313s1995 xr f cze d
015 |a cnb000103161 
020 |a 80-7184-005-X 
040 |a BOA001  |b cze 
041 0 |a cze  |b ger 
080 9 |a 929 Čapek, Josef  |2 MRF 
080 |a 885.0"19":92 Čapek, Josef  |2 MRF 
100 1 |a Mareš, Petr,  |d 1954-  |7 jo20000080320  |4 aut 
245 1 0 |a Publicistika Josefa Čapka /  |c Petr Mareš 
250 |a Vyd. 1. 
260 |a Praha :  |b Univerzita Karlova,  |c 1995 
300 |a 137 s. ;  |c 23 cm 
490 1 |a Acta Universitatis Carolinae. Philologica. Monographia ;  |v 121, 1994 
500 |a Souhrn německy 
504 |a Bibliografie na s. 126-134. 
653 0 |a Čapek, Josef 1887-1945  |a česká publicistika 
830 0 |a Acta Universitatis Carolinae.  |p Philologica.  |p Monographia  |0 s 
856 4 1 |u http://www.digitalniknihovna.cz/mzk/uuid/uuid:73d8ea30-e22e-11ea-804d-005056827e51  |y Digitalizovaný dokument  |x NDK 
910 |a BOA001  |b 2-1011.555  |b PK-0123.270 
920 |a 000033836 
964 |a Čapek  |b Josef  |f 1887-1945  |x činnost publicistická  |x studie 
990 |a BK 
996 7 |b 2610024473  |c 2-1011.555  |l MZK  |r Sklad / do 1 hodiny  |n 10  |p p.v.  |w 000031268  |u 000010  |a 1  |e BOA001  |j MZK50  |s A 
996 7 |b 3119001048  |c PK-0123.270  |l MZK  |r Sklad / do 1 hodiny  |n 1  |p kup  |w 000031268  |u 000020  |a 1  |e BOA001  |j MZK50  |s A